000
00333nam a22001457a 4500
003
OSt
005
20160727222448.0
008
160704b xxu||||| |||| 00| 0 eng d
040
_c
TEST
100
_9
1988
_a
McWhirter
245
_a
Guinness Book of Records
260
_c
1982
300
_a
Guinness Book of Records
942
_2
ddc
_c
BK
999
_c
1688
_d
1688